00583nam a2200169Ia 4500008004000000020001800040082001700058100002000075245005500095260005000150300001300200650002500213690002100238906001100259999001700270952012600287210210b1974 xxu||||| |||| 00| 0 eng d a0 7069 0296 3 a338.954 BEHE aBEHARI (Bepin). aEconomic growth and technological change in India. aDelhibVikas Publishing House Pvt Ltd.,c1974 axvii,274 aTechnological change aIndian Economics a033253 c84079d84079 001040708EconomicsaALbALcEconomicsd2021-02-17g40.00l0o338.954 BEHEp033253r2021-02-17 00:00:00w2021-02-17yBK